00871nam a2200193 i 4500001000700000003000900007005001700016007000300033008004100036100003800077245022500115260006000340300002700400651005100427700004000478852002100518999001900539952011900558137435ES-MaACL20230906195354.0t|070214s1919 sp r ||||1| spa d1 aSánchez Alonso, Benito.910244610aFuentes de la historia de España b: ensayo de bibliografía sistemática de monografías impresas que ilustran la historia política nacional de España / cBenito Sánchez Alonso ; prólogo de Rafael Altamira. aMadrid : b[s.n.], c1919 (fImp. Clásica española) aXXI, 448 p. ; c25 cm. 4aEspaña-xHistoria-vBibliografías.91587541 aAltamira, Rafael,d1866-1951920515 aES-MaACLjB-4959 c137435d137435 00104070aATENEOMbATENEOMcSPBd2008-01-17eSCl0oB-4959p1143020r2023-02-23 00:00:00w2023-02-23yMONOGRAFIA